LDR 00993naa#a2200193#i#450# 001 RU\\bibl\120267 005 20260417010029.5 011 ## _a1819-4036 100 ## _a20210331b2021####ek#y0rusy0150####ca 102 ## _aRU 200 1# _aИММУНОГЕМАТОЛОГИЧЕСКИЕ ХАРАКТЕРИСТИКИ И ФУНКЦИОНАЛЬНАЯ АКТИВНОСТЬ КЛЕТОК КРОВИ КРУПНОГО РОГАТОГО СКОТА ПРИ ДЕЙСТВИИ МАЛЫХ ДОЗ ИОНИЗИРУЮЩЕГО ИЗЛУЧЕНИЯ _eЖурнальная статья 210 1# _aКрасноярск _cКрасноярский государственный аграрный университет _d2021 215 ## _a8 с. 608 ## _aЖурнальная статья _2local 675 ## _aОбщая зоология. 591 _z 700 #1 _aФедотова _gАрина Сергеевна 700 #1 _aМакарская _gГалина Владимировна 700 #1 _aТарских _gС В 856 4# _avestnik.kgau.ru _u